Paroles - Porcherie - Bérurier Noir - Statistiques

Statistiques générales
  • Ce quiz a été pris 28 fois
  • Le résultat moyen est 100 sur 176
Statistiques - réponses
Paroles % Correct
Le
95%
Porcherie
95%
De
85%
Des
85%
Monde
85%
Un
85%
Une
85%
Les
80%
À
75%
En
75%
Est
75%
La
75%
Porcs
75%
Se
75%
Ton
75%
Du
70%
Homme
70%
Hommes
70%
Vraie
70%
Batterie
65%
Ce
65%
Comme
65%
Comportent
65%
Et
65%
L'élevage
65%
Milliers
65%
Mort
65%
Tonnes
65%
Au
60%
Nous
60%
Qui
60%
Tout
60%
Morceaux
55%
Par
55%
Sommes
55%
Dans
50%
National
50%
Bunkers
45%
C'est
45%
Éclate
45%
Flingue
45%
Fondations
45%
Grand
45%
Jungle
45%
Loi
45%
Mouvement
45%
Partout
45%
Constituera
40%
Croupissent
40%
Demain
40%
Dynamité
40%
Entrain
40%
État
40%
Europe
40%
Fanatiques
40%
Flics
40%
Folie
40%
Gerbe
40%
Gouvernement
40%
Griffent
40%
Le Pen
40%
L'heure
40%
Mesdames
40%
Messieurs
40%
Militaire
40%
Nausée
40%
Organisée
40%
Passer
40%
Prostitution
40%
Scientifique
40%
Suspects
40%
Armée
35%
Bourreaux
35%
Chili
35%
Cuisent
35%
Derrière
35%
Laboratoires
35%
L'isolement
35%
Massacrés
35%
Monte
35%
Oppression
35%
Parloir
35%
Parqués
35%
Prisonniers
35%
Putréfaction
35%
Rebelles
35%
Sang
35%
S'empiffrent
35%
Tension
35%
Tiers-monde
35%
Abattoirs
30%
Apartheid
30%
Cités-dortoirs
30%
Côté
30%
Coup
30%
Crève
30%
Fini
30%
L'autre
30%
Règlement
30%
Ultra-violence
30%
Brûlés
25%
Démence
25%
Devient
25%
DST
25%
D'un
25%
Fours
25%
Gi's
25%
Inonde
25%
L'ombre
25%
Monétaire
25%
Conduits
20%
D'comptes
20%
Singes
20%
Système
20%
Beethov
15%
Schlagues
10%
Aucun quiz correspondant
Distribution des résultats
% des personnes avec chaque résultat
Percentile par nombre de réponses
Votre historique - résultats
Vous n’avez pas pris ce quiz